00404nam a2200157 a 450000100060000000300090000600800410001502000150005604000280007108200160009910000180011524500250013326000490015830000080020765000310021514344CO-ViMGA141112s2004 ck r 000 u spa d a9589500188 aCO-ViMGAbspacCO-ViMGA04a920.71 457m1 aReyes, Rafael10aMemorias 1850 - 1885 aBogotá : bFondo Cultural Cafetero, c1986 a30114aREYES, RAFAEL, 1850 - 1921